000 00727nam a2200229 a 4500
001 000024986
005 20200930023506.0
008 841115s1984 cu 001 p spa d
040 _aDO-SdBNP
_bspa
_cBNPHU
082 _aCu861.44
_bP339t
100 1 _aPavón, Luis,
_d1930-
_951271
245 1 0 _aEl tiempo y sus banderas desplegadas /
_cLuis Pavón Tamayo; edición Juan N. Padrón.
260 _aLa Habana (Cuba) :
_bEditorial Letras Cubanas,
_c1984.
300 _a98 p. ;
_c20 cm.
490 1 _aGiraldilla
504 _aIncluye índice
650 4 _aPoesía cubana
_95226
650 4 _aPoesía amorosa
_99227
650 4 _aLiteratura cubana
_91483
830 0 _aGiraldilla
_98904
910 _aCatalogación por copia / LC
999 _c24479
_d24479